000 00415nam a2200181Ia 4500
001 20791
005 20260306172831.0
008 260306t2017||||xx |||||||||||||| ||spa||
041 _aESP
082 _a343.8
_bB74
100 _aBorrego Ganoza, Luciana
_eAUT
245 0 _aRER y nuevo RUS
260 _c2017
300 _a48 páginas :
_c24 cm.
650 _aGEN
654 _aCDE
942 _cLIB
_dJUS
_fJUS
_2ddc
_n
999 _c20791
_d20791